Statistics for Metropolitan Divisions with the Highest Violent Crime Rate 2020

Click here to take the quiz!

General Stats

  • This quiz has been taken 9 times
  • The average score is 5 of 16

Answer Stats

HintAnswer% Correct
1034Detroit
100%
710Baltimore
63%
1082Memphis
63%
656Milwaukee
63%
901Albuquerque
38%
713Indianapolis
38%
771Las Vegas
25%
827Philadelphia
25%
709Wichita
25%
1115Anchorage
13%
824Stockton
13%
659Corpus Christi
0%
760Little Rock
0%
924Lubbock
0%
871Rockford
0%
651Shreveport
0%

Score Distribution

Percentile by Number Answered

Percent of People with Each Score

Your Score History

You have not taken this quiz